Job performance of sub assistant agriculture officers / (Record no. 9380)

MARC details
000 -LEADER
fixed length control field 01150nam a22002537a 4500
001 - CONTROL NUMBER
control field BD-DhSAU 9380
003 - CONTROL NUMBER IDENTIFIER
control field BD-DhSAU
005 - DATE AND TIME OF LATEST TRANSACTION
control field 20181211155118.0
008 - FIXED-LENGTH DATA ELEMENTS--GENERAL INFORMATION
fixed length control field 150612b2006 bg a||||r|||| 000 0 eng d
040 ## - CATALOGING SOURCE
Original cataloging agency BD-DhSAU
082 ## - DEWEY DECIMAL CLASSIFICATION NUMBER
Edition number 22
Classification number 630.715
Item number Sa334
100 ## - MAIN ENTRY--PERSONAL NAME
Personal name Salim, Mohammad Abu Sayed
Relator term Registration No. # 25180/00311
245 ## - TITLE STATEMENT
Title Job performance of sub assistant agriculture officers /
Remainder of title MS thesis
Statement of responsibility, etc. by Mohammad Abu Sayed Salim.
260 ## - PUBLICATION, DISTRIBUTION, ETC. (IMPRINT)
Place of publication, distribution, etc. Sher-e- Bangla Agricultural University :
Name of publisher, distributor, etc. Department of Agricultural Extension and Information System,
Date of publication, distribution, etc. 2006.
300 ## - PHYSICAL DESCRIPTION
Extent x, 104 p. :
Other physical details ill. ,
Dimensions 30 cm.
500 ## - GENERAL NOTE
General note MS thesis of Department of Agricultural Extension and Information System, Faculty of Agriculture, Sher-e-Bangla Agricultural University, Dhaka, Bangladesh <br/>
590 ## - Name of Cataloguer
Name of Cataloger joy
650 ## - SUBJECT ADDED ENTRY--TOPICAL TERM
Topical term or geographic name as entry element Agricultural Extension and Information System
650 ## - SUBJECT ADDED ENTRY--TOPICAL TERM
Topical term or geographic name as entry element Job performance
General subdivision Sub assistant agriculture officer
700 ## - ADDED ENTRY--PERSONAL NAME
Personal name Bhuiyan, Mohammad Hossain
Relator term Supervisor
700 ## - ADDED ENTRY--PERSONAL NAME
Personal name Ali, Md. Sekender
Relator term Co-Supervisor
856 ## - ELECTRONIC LOCATION AND ACCESS
Link text Online Access
Uniform Resource Identifier <a href="http://archive.saulibrary.edu.bd:8080/xmlui/handle/123456789/1550">http://archive.saulibrary.edu.bd:8080/xmlui/handle/123456789/1550</a>
942 ## - ADDED ENTRY ELEMENTS (KOHA)
Source of classification or shelving scheme Dewey Decimal Classification
Koha item type MS Level Thesis
Holdings
Withdrawn status Lost status Source of classification or shelving scheme Damaged status Not for loan Collection code Home library Branch Name Shelving location Date acquired Total Checkouts Full call number Barcode Date last seen Price effective from Koha item type
    Dewey Decimal Classification   Not For Loan Reference SAU Library SAU Library Reference 19/06/2015   630.715 Sa334 37452 19/06/2015 19/06/2015 MS Level Thesis